000 00218nam a22000857a 4500
008 170603b xxu||||| |||| 00| 0 eng d
100 _93258
_aTwain. M
245 _aThe adventure of tom savyer
260 _aNew Delhi
_bUBS
_c2003
999 _c6572
_d6572